Science of survival : prediction of human behavior /

Guardado en:
Detalles Bibliográficos
Autor principal: Hubbard, L. Ron
Formato: Libro
Publicado: Los Angeles, Calif. : Bridge Publications, Inc., c2007.
Edición:[New ed.].
Materias:
Etiquetas: Agregar Etiqueta
Sin Etiquetas, Sea el primero en etiquetar este registro!

MARC

LEADER 00000cam a2200000 a 4500
020 |a 9781403144850  |c TZs.20000/- 
020 |a 1403144850 
040 |a MUL  |b eng  |e AACR 
082 0 4 |a 299.936 HUB 
100 1 |a Hubbard, L. Ron 
245 1 0 |a Science of survival :  |b prediction of human behavior /  |c L. Ron Hubbard. 
250 |a [New ed.]. 
260 |a Los Angeles, Calif. :  |b Bridge Publications, Inc.,  |c c2007. 
300 |a viii, 729 p. ;  |c 25 cm. 
504 |a Includes bibliographical references and index. 
505 |a Goal of Dianetics Introduction Book One: Dynamics Of Behavior 1: Column A: Tone scale 2: Column B: Dianetic evaluation 3: Column C: Behavior and physiology 4: Column D: Psychiatric range 5: Column E: Medical range 6: Basic laws of theta affinity, reality, communication 7: Column F: Emotion 8: Column G: Affinity 9: Communication and reality 10: Column H: Sonic 11: Column I: Visio 12: Column J: Somatic 13: Column K: Speech: talks Speech: listens 14: Column L: Subject's handling of written or spoken communication when acting as a relay point 15: Column M: Reality (agreement) 16: Column N: Condition of track and valences 17: Column O: Manifestation of engrams and locks 18: Column P: Sexual behavior attitude toward children 19: Column Q: Command over environment 20: Column R: Actual worth to society compared to apparent worth 21: Column S: Ethic level 22: Column T: Handling of truth 23: Column U: Courage level 24: Column V: Ability to handle responsibility 25: Column W: Persistence on a given course 26: Column X: Literalness with which statements or remarks are received 27: Column Y: Method used by subject to handle others 28: Column Z: Command value of action phrases Book Two: Dianetic Processing 1: Basic principles of processing 2: Auditor's Code 3: Mechanics of aberration 4: Dynamics of existence 5: General description of processing 6: Column AB: Present time 7: Column AC: Straight memory 8: Column AD: Pleasure moments 9: Column AE: Imaginary incidents 10: Column AF: Locks 11: Column AG: Scanning locks 12: Column AH: Secondary engrams 13: Column AI: Engrams 14: Column AJ: Chains of engrams 15: Column AK: Circuits 16: Column AL: Condition of file clerk 17: Column AM: Hypnotic level 18: Column AN: Level of mind alert 19: Column AO: Relative entheta on case 20: Column AQ: Tone level of auditor necessary to handle case 21: Column AR: How to audit the case Goal of processing Definitions and axioms Fold out at end of book: Hubbard Chart of Human Evaluation and Dianetic Processing Appendix Further study Guide to the materials Addresses Editor's glossary of words, terms and phrases Index 
650 0 |a Dianetics. 
650 0 |a Success. 
942 |c BK 
999 |c 7410  |d 7410